| 000 | 00662cam a2200193 i 4500 | ||
|---|---|---|---|
| 020 | _a9780809154272 (pbk. : alk. paper) | ||
| 040 | _cDLC | ||
| 082 | 0 | 0 | _a230 SFC 1995 C165 Or. |
| 100 | 1 | _aOduyoye, Mercy Amba, | |
| 245 | 1 | 0 |
_aAfrican women's theologies, spirituality, and healing : _btheological perspectives from the Circle of Concerned African Women Theologians / |
| 300 |
_av, 122 pages ; _c17 cm. |
||
| 490 | 0 | _a2018 Madeleva lecture in spirituality | |
| 650 | 0 | _aFeminist theology | |
| 650 | 0 | _aWomen in Christianity | |
| 650 | 0 | _aWomen and religion | |
| 650 | 0 | _aWomen | |
| 710 | 2 | _aCircle of Concerned African Women Theologians. | |
| 942 | _cAEDBB | ||
| 999 |
_c19315 _d19315 |
||